ბათუმის შოთა რუსთაველის სახელმწიფო უნივერსიტეტის ბიბლიოთეკა

ჭოროხი : (ბიბ.ჩანაწერი № 58470)

000 -LEADER
fixed length control field 00721nam a22001697a 4500
005 - DATE AND TIME OF LATEST TRANSACTION
control field 20240321174041.0
008 - FIXED-LENGTH DATA ELEMENTS--GENERAL INFORMATION
fixed length control field 220324s2021ge xxu||||| |||| 00| 0 geo d
022 ## - INTERNATIONAL STANDARD SERIAL NUMBER
International Standard Serial Number 01343459
041 ## - LANGUAGE CODE
Language code of text/sound track or separate title geo
245 ## - TITLE STATEMENT
Title ჭოროხი :
Remainder of title 2021. ლიტერატურულ - სამხატვრო და საზოგადოებრივი ჟურნალი /
Statement of responsibility, etc. მთ. რედაქტორი სანდრო ბერიძე.
260 ## - PUBLICATION, DISTRIBUTION, ETC.
Place of publication, distribution, etc. ბათუმი,
Date of publication, distribution, etc. 2021.
300 ## - PHYSICAL DESCRIPTION
Extent v
653 ## - INDEX TERM--UNCONTROLLED
Uncontrolled term ჭოროხი
653 ## - INDEX TERM--UNCONTROLLED
Uncontrolled term პეროდიკა
700 ## - ADDED ENTRY--PERSONAL NAME
Personal name ბერიძე, სანდრო
Titles and other words associated with a name [მთავარი რედაქტორი]
9 (RLIN) 13607
942 ## - ADDED ENTRY ELEMENTS (KOHA)
Source of classification or shelving scheme
Koha item type პერიოდიკა
ეგზემპლარები
Withdrawn status Lost status Source of classification or shelving scheme Damaged status Not for loan Permanent Location Current Location Date acquired Serial Enumeration / chronology Full call number Barcode Date last seen Price effective from Koha item type Shelving location Copy number
        შიდა ფონდი ბათუმის შოთა რუსთაველის სახელმწიფო უნივერსიტეტის მთავარი ბიბლიოთეკა ბათუმის შოთა რუსთაველის სახელმწიფო უნივერსიტეტის მთავარი ბიბლიოთეკა 2022-03-24 #6 (2021) 80907 P 80907 P 2022-03-24 2022-03-24 პერიოდიკა    
          ბათუმის შოთა რუსთაველის სახელმწიფო უნივერსიტეტის მთავარი ბიბლიოთეკა ბათუმის შოთა რუსთაველის სახელმწიფო უნივერსიტეტის მთავარი ბიბლიოთეკა 2022-08-05 #2 მარტი-აპრილი (2021)   80917 p 2022-08-05 2022-08-05 პერიოდიკა წიგნსაცავი 80917